[Event "SVK-chT3B2 2122"]
[Site "Slovakia"]
[Date "2022.05.22"]
[Round "11.4"]
[White "Mruskovic, Peter"]
[Black "Krcmar, Milan"]
[Result "1-0"]
[WhiteElo "1908"]
[BlackElo "1970"]
[PlyCount "103"]
[EventDate "2021.10.24"]
[EventType "team-tourn"]
[EventRounds "11"]
[EventCountry "SVK"]
[SourceTitle "EXT 2024"]
[Source "ChessBase"]
[SourceDate "2023.10.10"]
[SourceVersion "1"]
[SourceVersionDate "2023.10.10"]
[SourceQuality "1"]
[WhiteTeam "Povazske Podhradie II"]
[BlackTeam "Nemsova Horne Srnie"]
[WhiteTeamCountry "SVK"]
[BlackTeamCountry "SVK"]

1. d4 d6 2. Nf3 g6 3. Bf4 Bg7 4. e3 Nf6 5. h3 b6 6. Bd3 Bb7 7. 0-0 Nbd7 8. Nbd2 0-0 9. c3 Re8 10. Bc2 e5 11. dxe5 dxe5 12. Bh2 Qe7 13. e4 Rad8 14. Qe2 Nh5 15. a4 a5 16. Rfe1 Nf4 17. Qc4 Ne6 18. b4 axb4 19. cxb4 c5 20. b5 Nd4 21. Ra3 Nf8 22. a5 bxa5 23. Rxa5 Qc7 24. Rea1 Nfe6 25. Ra7 Qb6 26. Bd3 Nc7 27. R7a5 Re7 28. Bf1 Nde6 29. Nb3 f6 30. R5a2 Kf8 31. Rc2 Red7 32. Nfd2 Ne8 33. Rac1 Ke7 34. f3 Nd6 35. Qc3 c4+ 36. Kh1 cxb3 37. Nxb3 Rc8 38. Qb4 Rxc2 39. Rxc2 Bh6 40. Rc3 Bf8 41. Bg1 Qd8 42. Na5 Nd4 43. b6 Ke8 44. Qa4 Qxb6 45. Rb3 Qa7 46. Bxd4 exd4 47. Qb4 Be7 48. Bb5 Nxb5 49. Qxb5 Ba6 50. Qc6 d3 51. Qe6 Kf8 52. Nc6 1-0

[Event "SVK-chT2B 1819"]
[Site "Slovakia"]
[Date "2018.10.13"]
[Round "1.4"]
[White "Krcmar, Milan"]
[Black "Beres, Dominik"]
[Result "1-0"]
[WhiteElo "1910"]
[BlackElo "2020"]
[PlyCount "81"]
[EventDate "2018.10.13"]
[EventType "team-tourn"]
[EventRounds "11"]
[EventCountry "SVK"]
[SourceTitle "CBM 187 Extra"]
[Source "ChessBase"]
[SourceDate "2018.11.04"]
[SourceVersion "1"]
[SourceVersionDate "2018.11.04"]
[SourceQuality "1"]
[WhiteTeam "Nemsova Horne Srnie"]
[BlackTeam "Tlmace"]
[WhiteTeamCountry "SVK"]
[BlackTeamCountry "SVK"]

1. e4 d6 2. d4 Nf6 3. Nc3 g6 4. Bg5 Bg7 5. Qd2 c6 6. f3 Qc7 7. 0-0-0 b5 8. Nh3 0-0 9. Bh6 Nbd7 10. g4 e5 11. Bxg7 Kxg7 12. dxe5 dxe5 13. Nf2 a5 14. h4 Nc5 15. h5 Ne8 16. Nd3 Nxd3+ 17. Bxd3 Be6 18. Rh3 Rh8 19. Rdh1 Kg8 20. Qh6 Rd8 21. hxg6 fxg6 22. Qg5 Ng7 23. f4 Bf7 24. f5 Rd7 25. Rh6 b4 26. Nd1 c5 27. Qh4 c4 28. Rxh7 Rxh7 29. Qxh7+ Kf8 30. Be2 Qd6 31. Qh6 a4 32. f6 Qxf6 33. Rf1 Rxd1+ 34. Kxd1 Qd6+ 35. Kc1 Kg8 36. Rh1 Be6 37. Qh7+ Kf8 38. Rf1+ Bf5 39. gxf5 gxf5 40. Bxc4 Qf6 41. Rg1 1-0

[Event "SVK-chT3B2 1718"]
[Site "Slovakia"]
[Date "2017.11.19"]
[Round "4.1"]
[White "Krcmar, Milan"]
[Black "Kvassay, Peter"]
[Result "1/2-1/2"]
[WhiteElo "1907"]
[BlackElo "2005"]
[PlyCount "130"]
[EventDate "2017.10.08"]
[EventType "team-tourn"]
[EventRounds "11"]
[EventCountry "SVK"]
[SourceTitle "EXT 2019"]
[Source "ChessBase"]
[SourceDate "2018.10.10"]
[SourceVersion "1"]
[SourceVersionDate "2018.10.10"]
[SourceQuality "1"]
[WhiteTeam "Nemsova Horne Srnie"]
[BlackTeam "Povazska Bystrica Sparta II"]
[WhiteTeamCountry "SVK"]
[BlackTeamCountry "SVK"]

1. e4 e5 2. Nf3 Nc6 3. Bb5 Nf6 4. 0-0 Nxe4 5. Re1 Nd6 6. Nxe5 Be7 7. Bf1 Nxe5 8. Rxe5 0-0 9. d4 Bf6 10. Re1 Nf5 11. c3 Re8 12. Bd3 d5 13. Bf4 Rxe1+ 14. Qxe1 Nd6 15. Bxd6 cxd6 16. Nd2 Bd7 17. Nf1 Be6 18. Qd2 Qd7 19. Qf4 b5 20. a3 Rb8 21. Ng3 a5 22. Nh5 Be7 23. Qg3 g6 24. Nf4 b4 25. axb4 axb4 26. h4 Bf6 27. Re1 Re8 28. h5 Bg7 29. Qf3 bxc3 30. bxc3 Re7 31. hxg6 hxg6 32. Kf1 Re8 33. Nxe6 Rxe6 34. Qxd5 Rxe1+ 35. Kxe1 Kf8 36. Bc4 Qe7+ 37. Kd1 Bf6 38. g3 Kg7 39. Qf3 Qa7 40. Kc2 Qa4+ 41. Bb3 Qa5 42. Qf4 Qc7 43. Qe4 Qa5 44. g4 Qc7 45. f4 Qe7 46. Kd3 Bh4 47. Qxe7 Bxe7 48. Ke4 Kf8 49. Ba4 Bd8 50. f5 gxf5+ 51. Kxf5 Ba5 52. c4 Bc3 53. Ke4 Ke7 54. Kd5 Bb2 55. c5 dxc5 56. dxc5 Bc1 57. Kc6 Bf4 58. Bc2 f6 59. Bf5 Bh2 60. Kd5 Bg3 61. Ke4 Bh2 62. Bc8 Bg3 63. Kd5 Bh2 64. Kc6 Bg3 65. Kb7 Bh2 1/2-1/2

[Event "SVK-chT3B2 1617"]
[Site "Slovakia"]
[Date "2016.11.13"]
[Round "3.2"]
[White "Krisko, Milan"]
[Black "Krcmar, Milan"]
[Result "0-1"]
[WhiteElo "1793"]
[BlackElo "1930"]
[PlyCount "54"]
[EventDate "2016.10.16"]
[EventType "team-tourn"]
[EventRounds "11"]
[EventCountry "SVK"]
[SourceTitle "EXT 2018"]
[Source "ChessBase"]
[SourceDate "2017.10.13"]
[SourceVersion "1"]
[SourceVersionDate "2017.10.13"]
[SourceQuality "1"]
[WhiteTeam "Handlova"]
[BlackTeam "Nemsova Horne Srnie"]
[WhiteTeamCountry "SVK"]
[BlackTeamCountry "SVK"]

1. e4 d6 2. d4 Nf6 3. Nc3 e5 4. dxe5 dxe5 5. Qxd8+ Kxd8 6. Bc4 Bb4 7. Bd2 Ke7 8. Nf3 Nc6 9. 0-0 Bg4 10. Nd5+ Nxd5 11. exd5 Bxf3 12. Bxb4+ Nxb4 13. gxf3 Nxc2 14. Rac1 Nd4 15. Kg2 Kd6 16. a3 g5 17. Rc3 h5 18. Rfc1 f5 19. h3 Rae8 20. Re3 Re7 21. Ba2 Rg8 22. Rcc3 f4 23. Re1 g4 24. fxg4 hxg4 25. Re4 gxh3+ 26. Kh2 Reg7 27. Re1 Rg2+ 0-1